Country, Flag Shape, Flag. - Statistics

General Stats
  • This quiz has been taken 29 times
  • The average score is 14 of 15
Answer Stats
Picture Answer % Correct
Australia
100%
Brazil
96%
Indonesia
96%
Italy
96%
Russia
96%
Croatia
93%
Nepal
93%
New Zealand
93%
Estonia
89%
Latvia
89%
Malaysia
89%
Namibia
85%
Qatar
85%
Tunisia
85%
Panama
81%
No matching quizzes found
Score Distribution
Percent of People with Each Score
Percentile by Number Answered
Your Score History
You have not taken this quiz